Popular Toys 2000’s-Early 2010’s - Statistics

General Stats
  • This quiz has been taken 23 times
  • The average score is 21 of 468
Answer Stats
Answer % Correct
Barbie
84%
Lego
63%
Hot Wheels
42%
Bratz
37%
Furby
37%
Polly Pocket
37%
Monster High
32%
Play-Doh
32%
Transformers
32%
American Girl Dolls
26%
Beanie Babies
26%
Bop It
26%
Pillow Pets
26%
Pokemon Cards
26%
Shopkins
26%
Webkinz
26%
Zhu Zhu Pets
26%
Beanie Boos
21%
Beyblades
21%
Build-A-Bear
21%
EasyBake Oven
21%
Kinetic Sand
21%
Lego Friends
21%
Littlest Pet Shop
21%
My Little Pony
21%
Super Soaker
21%
Barbie DreamHouse
16%
Cabbage Patch Kids
16%
Calico Critters
16%
Groovy Girls
16%
Lalaloopsy
16%
Lego Duplo
16%
Little People
16%
Moon Shoes
16%
Nintendo DS
16%
Nintendo Wii
16%
Password Journal
16%
Power Rangers
16%
Razor Scooter
16%
Rubik's Cube
16%
Skylanders
16%
Betty Spaghetty
11%
Bratz Babyz
11%
Candy Land
11%
Care Bears
11%
Disney Princess Dolls
11%
Etch A Sketch
11%
Hit Clips
11%
K'NEX
11%
Lego Star Wars
11%
MagnaTiles
11%
Matchbox Cars
11%
Moon Sand
11%
Nerf Guns
11%
Playmobil
11%
Rainbow Loom
11%
Robosapien
11%
Squinkies
11%
Teenage Mutant Ninja Turtles
11%
Uno
11%
Walkie Talkies
11%
Air Hogs
5%
Alphabet Activity Cube
5%
Alphabet Apple
5%
Amazing Amanda
5%
AquaBeads
5%
Aqua Dots
5%
Aqua Pets
5%
Baby Alive Learns To Potty
5%
BarbieGirls MP3 Player
5%
Barbie Princess and the Pauper Singing Dolls
5%
Bella Dancerella
5%
Big Hugs Elmo
5%
Bitty Baby
5%
Brightlings
5%
Chicken Dance Elmo
5%
ClickStart
5%
Computer Cool School
5%
CubeWorld
5%
Dance Star Mickey
5%
Digital Arts and Crafts Studio
5%
Digital Light Designer
5%
Disney Mix Stick
5%
Diva Starz
5%
Doc McStuffins Time For Your Checkup Doll
5%
Doodle Bear
5%
Dora Knows Your Name
5%
Dora Links
5%
Dora's Talking House
5%
Dream Lites
5%
EasyLink Internet Launch Pad
5%
Elefun
5%
Elmo Knows Your Name
5%
Elmo Live
5%
Fijit Friends
5%
Fin Fin Friends
5%
Flippin' Frogs
5%
Floam
5%
Flutterbye Fairy
5%
Furblings
5%
Furby Boom
5%
FurReal Friends Cuddles My Giggly Monkey
5%
FurReal Friends GoGo My Walkin' Pup
5%
FurReal Friends Snuggimals
5%
FurReal Friends Squawkers McCaw
5%
Go Go Smart Wheels
5%
Grow To Pro Pogo
5%
Handy Manny Toolbox
5%
Hannah Montana Fashion Dolls
5%
Hannah Montana Malibu Beach House
5%
Hannah Montana Singing Dolls
5%
Hexbugs
5%
High School Musical East High Playset
5%
High School Musical Gabriella and Troy 2 Pack
5%
High School Musical Sing Together Dolls
5%
Hokey Pokey Elmo
5%
Hungry Hungry Hippos
5%
I Can Play Piano
5%
iDog
5%
InnoTab
5%
InnoTab 2
5%
InteracTV
5%
IXL
5%
IZ
5%
Justin Bieber Singing Dolls
5%
Kasey Kinderbot
5%
KidiJamz Studio
5%
Kidizoom Camera
5%
Kidizoom Smartwatch DX
5%
Kid Tough Camera
5%
Lalaloopsy Silly Hair
5%
Laugh and Learn Learning Home
5%
Laugh and Learn Puppy
5%
LeapPad 2
5%
LeapPad Explorer
5%
LeapPad Learning System
5%
LeapPad Ultra
5%
Leapster
5%
Leapster 2
5%
Leapster Explorer
5%
Leapster GS
5%
Leapster L Max
5%
Leapster TV
5%
Lego Chima
5%
Lego City
5%
Lego Ninjago
5%
Let's Rock Elmo
5%
Lite Brite
5%
Little Live Pets Birds
5%
Little Mommy Doll
5%
Little People Zoo Talkers
5%
Liv Dolls
5%
Loving Family Dollhouse
5%
Magformers
5%
MashEms
5%
Mega Bloks
5%
Meowsic
5%
Mini Lalaloopsy
5%
MobiGo
5%
Mr. Potato Head
5%
My EPets
5%
My Own Leaptop
5%
My Pal Scout
5%
My Pal Violet
5%
Nabi 2
5%
Nerf Football
5%
One Direction Singing Dolls
5%
Ozobot
5%
Paper Jamz
5%
Perfection
5%
Pixel Chix
5%
Pixos
5%
Pretend and Play Cash Register
5%
Puppy In My Pocket
5%
Puppy Surprise
5%
Rock Star Mickey
5%
Silly Bandz
5%
Sing-a-ma-jigs
5%
Sit To Stand Alphabet Train
5%
Sit To Stand Learning Walker
5%
Snap n Style
5%
Squigz
5%
Star Wars Millennium Falcon
5%
Step2 Kitchen
5%
Strawberry Shortcake Dolls
5%
Stuffies
5%
Super Why Super Duper Computer
5%
Switch n Go Dinos
5%
Tag Reader
5%
Talking Minions
5%
Tamagotchi Connection
5%
The Singing Machine
5%
The Trash Pack
5%
Thomas Wooden Railway
5%
TMX Elmo
5%
Tote and Go Laptop
5%
Toy Story Buzz Lightyear
5%
Toy Story Woody Doll
5%
Trollz
5%
Tsum Tsum
5%
Twister Dance
5%
Ty Girlz
5%
UB Funkeys
5%
Video Now
5%
V Reader
5%
V Smile
5%
V Smile Motion
5%
V Smile Pocket
5%
We Did It Dora
5%
Woofer
5%
WowWee Alive Cubs
5%
Yo Gabba Gabba Dancing Brobee
5%
Zoomer
5%
Zoomer Dino
5%
123 Noah's Ark
0%
20Q
0%
All Duct Out
0%
Alphabet Pal Caterpillar
0%
Alphie
0%
Angry Birds Knock On Wood Game
0%
Angry Birds Plush
0%
Aquadoodle
0%
Baby Born Doll
0%
Backyard Safari Bug Vacuum
0%
Bakugan Battle Brawlers
0%
Bananagrams
0%
Barbie and the Diamond Castle Singing Dolls
0%
Barbie Computer
0%
Barbie DIgital Makeover
0%
Barbie Dog
0%
Barbie Island Princess Doll
0%
Barbie Video Girl
0%
Batman Figures
0%
Big Wheel
0%
Blingles
0%
Bob The Builder Trucks
0%
Boom Boom Balloon
0%
Bounce and Spin Zebra
0%
Bounce Bounce Tigger
0%
Bristle Blocks
0%
Bubble Mower
0%
Busy Ball Popper
0%
Cardboard Building Blocks
0%
Car Rug
0%
Chatnow
0%
Chuck and Friends Stunt Park
0%
Chuck My Talking Truck
0%
Chuggington Die-Cast Railway
0%
Cinderella Magic Lights Dress
0%
Color A Messenger Bag
0%
Cook n' Learn Interactive Kitchen
0%
Cootie
0%
Cotton Candy Maker
0%
Cozy Coupe
0%
Cranium Games
0%
Crayola Color Wonder
0%
Crayola Crayon Maker
0%
Crayola Glow Station
0%
Crayola Sidewalk Chalk
0%
Crayola Super Brush
0%
Crayola Town
0%
Crayola Twistables
0%
Dance and Play Puppy
0%
Dancing Boohbahs
0%
Deluxe Shrinky Dinks
0%
Despicable Me Fart Blaster
0%
Dinosaur Train Figures
0%
Disney AppMates
0%
Disney Fairies Clickables
0%
Disney Infinity
0%
Disney Planes Supercharged Dusty
0%
Disney Princess CD Player
0%
DIsney Princess Palace Pets
0%
Disney Princess Songs Palace
0%
Disney Princess Tea Set
0%
Disney Princess Vanity
0%
Doc McStuffins Get Better Check-Up Center
0%
Don't Rock The Boat
0%
Dora's Talking Backpack
0%
Dora's Talking Kitchen
0%
Dream Life
0%
Eagle Talon Castle
0%
EcoAquarium
0%
EyeClops Bionic Eye
0%
EyeClops Night Vision
0%
EyeClops Night Vision 2.0
0%
Fancy Nancy Doll
0%
Fashion Angels Hair Chalk
0%
Fashion Design Studio
0%
Fibber
0%
Fisher Price Doctor's Kit
0%
FLY Fusion
0%
Fridge Farm Magnetic Animal Set
0%
Fropper
0%
Frozen Singing Elsa Doll
0%
FurReal Friends Baby Butterscotch
0%
FurReal Friends Biscuit My Lovin' Pup
0%
FurReal Friends Butterscotch Pony
0%
FurReal Friends Luv Cubs
0%
Garbage Pail Kids Cards
0%
Gears! Gears! Gears!
0%
Gloworm
0%
Go Diego Go Rescue Pack
0%
GoldieBlox and the Spinning Machine
0%
Guitar Hero
0%
Handy Manny's Repair Shop
0%
Handy Manny Tool Truck
0%
Hannah Montana Tour Bus
0%
Happy Nappers
0%
Harumika
0%
Hedbanz
0%
High School Musical 2 Dolls
0%
Hopper Balls
0%
Hot Wheels Wall Tracks
0%
iCarly Microphone
0%
I Love You Barney
0%
Imaginext
0%
Imaginext Batcave
0%
Imaginext Bigfoot
0%
Imaginext Dinosaurs
0%
Imaginext Dragon World Fortress
0%
iPlay Lift Off Rocket
0%
Jake And The Never Land Pirates Bucky
0%
Junk Ball
0%
Kanoodle
0%
KidiArt Studio
0%
Kota the Triceratops
0%
Kurio 7
0%
La Dee Da
0%
Laser Maze
0%
Laser Tag
0%
Laugh and Learn Crawl Around Car
0%
Laugh and Learn Learning Farm
0%
LeapFrog Fridge Phonics
0%
LeapReader
0%
Lego Architecture
0%
Lego Mindstorms
0%
Lego Minecraft
0%
Lego Mixels
0%
Lil Zoomers
0%
Lisa Frank Stationery
0%
LiteBrix
0%
Little People Lil Movers
0%
Littlest Pet Shop Playset
0%
Littlest Pet Shop VIP's
0%
Loopz
0%
Marvel Avengers Figures
0%
Mary-Kate and Ashley Dolls
0%
Math Dice Jr.
0%
McDonalds Happy Meal Toys
0%
Melissa and Doug Play Food
0%
Melissa and Doug Shopping Cart
0%
Micropets
0%
Minecraft Figures
0%
Monster High 13 Wishes
0%
Monster High Create A Monster
0%
Monster High High School
0%
Monster Jam
0%
Mooshka Sing Around The Rosie
0%
Moshi Monsters Figures
0%
Moxie Girlz
0%
Mrs. Goodbee the Talking Dollhouse
0%
Musicolor
0%
My Busy Town
0%
My First Disney Princess Baby Dolls
0%
My First LeapPad
0%
My First Scooter
0%
My Little Pony So Soft Newborns
0%
My Meebas
0%
Nerf Basketball Hoop
0%
Nerf Rebelle
0%
Novi Stars
0%
Num Noms
0%
Orbeez Spa
0%
Our Generation Dolls
0%
Paper Jamz Pro Series
0%
Peek-A-Blocks
0%
Pentago
0%
Perplexus
0%
Phlat Ball
0%
Photo Mix and Mash
0%
Pictureka
0%
Pie Face
0%
Pixar Cars
0%
Playfoam
0%
Playmobil Castle
0%
Playmobil Horse Farm
0%
Playmobil Pirate Ship
0%
Playmobil School
0%
Plug and Play TV Games
0%
Pokemon Action Figures
0%
Poochi
0%
Pop Pop Piano
0%
Pop Up Pals
0%
Power Wheels
0%
Princess Tent
0%
Princess Tiana Doll
0%
Project Runway Fashion Portfolio
0%
Radio Flyer Wagon
0%
Rhyme and Discover Book
0%
RipStik
0%
Roboraptor
0%
Rocky The Robot Truck
0%
Rody Pony
0%
Rory's Story Cubes
0%
Scabble
0%
Scene It
0%
Scrabble Flash
0%
Scribble and Write
0%
See N Say
0%
Servin' Surprises Kitchen
0%
Shake n' Go Cars
0%
Shopkins Happy Places
0%
Singing Pizza Elmo
0%
Sit and Spin
0%
Smart Cycle
0%
Smart Globe
0%
Smencils
0%
Smurfs
0%
Snap Circuits
0%
Snow Glow Elsa
0%
Sock Monkeys
0%
Sofia The First Talking Sofia Doll
0%
Sphero
0%
Spike The Ultra Dinosaur
0%
Spirograph
0%
Spot It
0%
Spy Gear Video Car
0%
Spy Video Watch
0%
Squinkies Adventure Mall Surprise
0%
Squinkies Cupcake House
0%
Star Wars Figures
0%
Step2 50's Diner
0%
StoryBots Starring You Storybooks
0%
Strawberry Shortcake Berry Bitty Cafe
0%
Style Studio
0%
Take Along Puppet Theater
0%
Talking Lightning McQueen
0%
Tech Deck
0%
Tetris Link
0%
The Cat In The Hat, I Can Do That! Game
0%
The Sneaky Snacky Squirrel Game
0%
Tink's Talking Cafe
0%
TMX Friends
0%
Tobbles
0%
Touch and Learn Activity Desk
0%
Toy Lightsaber
0%
TRIO
0%
TRON Light Cycle
0%
Tumble Time Tigger
0%
Turbo Tail Tigger
0%
Twilight Turtle
0%
U-Dance
0%
Uglydoll
0%
Uno Attack
0%
Uno Moo
0%
Victorious Make It Shine Singing Tori Doll
0%
ViewMaster
0%
Wall-E Programmable Robot
0%
Water Ring Toss
0%
Weebles
0%
Wiggles Guitar
0%
YBike
0%
Zillions ATM
0%
Zingo
0%
Zippity
0%
Zoobles
0%
No matching quizzes found
Score Distribution
Percent of People with Each Score
Percentile by Number Answered
Your Score History
You have not taken this quiz